Τα άτομα : έτσι που να τα καταλαβαίνει και ο γάτος
Αποθηκεύτηκε σε:
| Κύριος συγγραφέας: | |
|---|---|
| Άλλοι συγγραφείς: | |
| Μορφή: | Βιβλίο |
| Γλώσσα: | Greek |
| Δημοσίευση: |
[Αθήνα] :
Κέδρος,
1992
|
| Θέματα: | |
| Ετικέτες: |
Προσθήκη ετικέτας
Δεν υπάρχουν, Καταχωρήστε ετικέτα πρώτοι!
|
MARC
| LEADER | 00000nam a2200000 i 4500 | ||
|---|---|---|---|
| 001 | 1/86841 | ||
| 008 | 960913s1992 gre d | ||
| 020 | |a 960-04-0566-2 | ||
| 035 | |a 1992 |b 2 |c Χατζηνικήτα |l 10035080 | ||
| 040 | |a GR-MY-UA |b gre |e aacr | ||
| 041 | 0 | |a gre | |
| 082 | 0 | |a 530 | |
| 100 | 1 | |a Τσίπης, Κώστας. | |
| 245 | 1 | 3 | |a Τα άτομα : |b έτσι που να τα καταλαβαίνει και ο γάτος / |c Κώστας Τσίπης, Σοφία Ζαραμπούκα |
| 260 | |a [Αθήνα] : |b Κέδρος, |c 1992 | ||
| 300 | |a 42 σ. | ||
| 650 | 0 | 0 | |a Atoms. |
| 650 | 0 | 0 | |a Molecules. |
| 650 | 0 | 0 | |a Atoms |x Juvenile literature. |
| 650 | 0 | 0 | |a Molecules |x Juvenile literature. |
| 700 | 1 | |a Ζαραμπούκα, Σοφία, |d 1939- | |
| 852 | |a INST |b RHODES |e 19960913 |h 530 ΤΣΙ |p 005400008727 |q 005400008727 |t BK |y 0 | ||
| 909 | |a Ρ |b 023896 |c 1992 | ||